|
|
|
|
| LEADER |
01783nam a2200361 a 4500 |
| 001 |
7724928 |
| 008 |
100830s2009 enka bc 000 0 eng d |
| 999 |
|
|
|c 9401
|d 9401
|
| 020 |
|
|
|a 9781905711628
|
| 020 |
|
|
|a 190571162X
|
| 040 |
|
|
|a AU@
|c AU@
|d CDX
|d U3G
|d IUL
|d BWX
|d YDXCP
|d NNC
|d DB-DhAAL
|
| 082 |
0 |
4 |
|a 720.92
|2 22
|
| 100 |
1 |
|
|a Grimshaw, Nicholas,
|d 1939-
|9 25821
|
| 245 |
1 |
4 |
|a The sketchbooks of Nicholas Grimshaw.
|
| 260 |
|
|
|a London :
|b Royal Academy of Arts,
|c 2009.
|
| 300 |
|
|
|a 119 paged :
|b illustrations (chiefly color) ;
|c 23 cm.
|
| 500 |
|
|
|a "First published on the occasion of the exhibition 'Capturing the concept: the sketchbooks of Sir Nicholas Grimshaw CBE PRA from 1982 to 2007', held at Wimbledon College of Art, the Royal Academy of Arts and Edinburgh College of Art, 2009-10"--T.p. verso.
|
| 500 |
|
|
|a Essays by Stephen Farthing and Peter Davey.
|
| 504 |
|
|
|a Includes bibliographical references (page 119)
|
| 526 |
|
|
|a ARC
|
| 541 |
1 |
|
|e 00020857
|
| 600 |
1 |
0 |
|a Grimshaw, Nicholas,
|d 1939-
|v Exhibitions.
|9 25822
|
| 650 |
|
0 |
|a Architecture
|z Great Britain
|x History
|y 20th century
|v Exhibitions.
|9 25823
|
| 650 |
|
0 |
|a Architecture
|z Great Britain
|x History
|y 21st century
|v Exhibitions.
|9 25824
|
| 650 |
|
0 |
|a Artists' preparatory studies
|v Exhibitions.
|9 25825
|
| 700 |
1 |
|
|a Farthing, Stephen,
|d 1950-
|9 25826
|
| 700 |
1 |
|
|a Davey, Peter,
|d 1940-
|9 25827
|
| 710 |
2 |
|
|a Wimbledon College of Art.
|9 25828
|
| 710 |
2 |
|
|a Royal Academy of Arts (Great Britain)
|9 25829
|
| 710 |
2 |
|
|a Edinburgh College of Art.
|9 25830
|
| 852 |
4 |
|
|a Ayesha Abed Library
|j General Shelf.
|
| 942 |
|
|
|2 ddc
|c BK
|
| 952 |
|
|
|0 0
|1 0
|2 ddc
|4 0
|6 720_920000000000000_GRI_2009
|7 0
|9 11818
|a BRACUL
|b BRACUL
|c GEN
|d 2010-09-15
|e TRIM EDUCATION
|g 3250.00
|l 7
|m 79
|o 720.92 GRI
|p 3010020857
|r 2026-04-12
|s 2026-03-08
|t 1
|w 2010-09-15
|y BK
|